[Event "28. Offene Internationale Bayerische Schachmeisterschaft"]
[Site "Gmund am Tegernsee"]
[Date "2025.11.01"]
[Round "1"]
[Board "26"]
[White "Kerpe, Andreas"]
[Black "Muthaiah, Al"]
[Result "1-0"]
[WhiteElo "2084"]
[BlackElo "2432"]
[PlyCount "0"]
[EventDate "2025.11.01"]
[EventRounds "9"]
[EventCountry "GER"]

1. e4 c6 2. Nc3 d5 3. Nf3 g6 4. d4 Bg7 5. h3 dxe4 6. Nxe4 Nd7 7. Bc4 Ngf6 8. Nxf6+
Nxf6 9. Ne5 O-O 10. O-O Nd5 11. Re1 Be6 12. Qe2 Nc7 13. Bxe6 Nxe6 14. Nxf7 Rxf7 15.
Qxe6 Qxd4 16. Rf1 Qd5 17. Qe2 Qb5 18. Qxb5 cxb5 19. c3 a5 20. a3 Rd8 21. Be3 Rf6
22. Rfd1 Rfd6 23. Rxd6 Rxd6 24. Kf1 Kf7 25. Ke2 Ke6 26. Rc1 a4 27. Rc2 Kd5 28. Kd3
Kc6+ 29. Ke2 Kd5 30. Kd3 e5 31. f3 Rc6 32. Re2 Bf6 33. Rd2 Rc4 34. Ke2+ Ke6 35. Rd3
h5 36. Bd2 e4 37. fxe4 Rxe4+ 38. Kf3 Re5 39. Bf4 Rd5 40. Ke4 Rxd3 41. Kxd3 Kd5 42.
Be3 Be5 43. Bh6 Bh2 44. Bg7 Bf4 45. Bd4 h4 46. Bf6 g5 47. Bd8 Ke5 48. Bb6 Bc1 49.
Kc2 Bf4 50. Kd3 Kf5 51. Bf2 Be5 52. Be3 Bf6 53. Bd2 g4 54. Be3 gxh3 55. gxh3 Be5
56. Bf2 Bg3 57. Be3 Ke5 58. Bg5 Kf5 59. Be3 Bf4 60. Bf2 Bg5 61. Be1 Kf4 62. Bd2+
Kf5 63. Bxg5 Kxg5 64. Ke4 Kf6 65. Kf4 Ke6 66. Kg4 Kd5 67. Kxh4 Kc4 68. Kg5 Kb3 69.
h4 Kxb2 70. h5 Kxa3 71. h6 Kb3 72. h7 a3 73. h8=Q a2 74. c4 bxc4 75. Qa1 b5 76. Kf4
b4 77. Ke3 c3 78. Kd3 Ka3 79. Kc2 b3+ 80. Kxc3 Ka4 81. Qb2  1-0

[Event "28. Offene Internationale Bayerische Schachmeisterschaft"]
[Site "Gmund am Tegernsee"]
[Date "2025.11.01"]
[Round "1"]
[Board "27"]
[White "Parvanyan, Ashot"]
[Black "Boehm, Martin"]
[Result "1-0"]
[WhiteElo "2428"]
[BlackElo "2083"]
[PlyCount "0"]
[EventDate "2025.11.01"]
[EventRounds "9"]
[EventCountry "GER"]

1. Nf3 b6 2. c4 c5 3. g3 Bb7 4. Bg2 Nf6 5. O-O e6 6. Nc3 Be7 7. Re1 O-O 8. e4 d6
9. d4 cxd4 10. Nxd4 Qc8 11. Be3 Nbd7 12. f4 Rd8 13. Rc1 a6 14. g4 Nc5 15. Bf2 Nxg4
16. Qxg4 Nd3 17. Nb3 e5 18. f5 Nxe1 19. Rxe1 Qxc4 20. Bxb6 Rdb8 21. Rc1 a5 22. Be3
Qb4 23. Bh6 g6 24. Rf1 a4 25. fxg6 hxg6 26. Qf3 Rf8 27. Nd2  1-0

[Event "28. Offene Internationale Bayerische Schachmeisterschaft"]
[Site "Gmund am Tegernsee"]
[Date "2025.11.01"]
[Round "1"]
[Board "28"]
[White "Kraus, Sebastian"]
[Black "Goldbeck, Lars"]
[Result "1-0"]
[WhiteElo "2083"]
[BlackElo "2415"]
[PlyCount "0"]
[EventDate "2025.11.01"]
[EventRounds "9"]
[EventCountry "GER"]

1. e4 c6 2. d4 d5 3. exd5 cxd5 4. Bd3 Nc6 5. c3 Qc7 6. h3 e5 7. dxe5 Nxe5 8. Nf3
Nxd3+ 9. Qxd3 Bd6 10. O-O Ne7 11. Re1 O-O 12. Be3 Bf5 13. Qd1 a6 14. Nbd2 Rad8 15.
Nf1 Nc6 16. Qa4 Rfe8 17. Rad1 Re4 18. Qb3 b5 19. Rd2 Na5 20. Qd1 Nc4 21. Rxd5 Be6
22. Rd4 Rxd4 23. Bxd4 Nxb2 24. Qb1 Nc4 25. Ng5 g6 26. Rxe6 fxe6 27. Nxe6 Qe7 28.
Nxd8 Qxd8 29. Qe4 Qc8 30. Qd5+ Kf8 31. Ne3 Be7 32. Ng4 b4 33. Nh6 Ke8 34. Qf7+ Kd7
35. Ng8 Qf8 36. Qxc4  1-0

[Event "28. Offene Internationale Bayerische Schachmeisterschaft"]
[Site "Gmund am Tegernsee"]
[Date "2025.11.01"]
[Round "1"]
[Board "29"]
[White "Hess, Max"]
[Black "Schmidt, Gerhard"]
[Result "1-0"]
[WhiteElo "2403"]
[BlackElo "2083"]
[PlyCount "0"]
[EventDate "2025.11.01"]
[EventRounds "9"]
[EventCountry "GER"]

1. Nf3 Nf6 2. c4 g6 3. Nc3 Bg7 4. e4 d6 5. d4 O-O 6. Be2 e5 7. O-O Nc6 8. d5 Ne7
9. b4 a5 10. Ba3 axb4 11. Bxb4 b6 12. a4 Ne8 13. Qd3 h6 14. Rfd1 f5 15. a5 bxa5 16.
Bxa5 Ba6 17. Nd2 Nf6 18. Nb5 Bxb5 19. cxb5 Qd7 20. Qc4 Ra7 21. f3 Rfa8 22. Nb3 h5
23. Bxc7 Rxc7 24. Rxa8+ Kh7 25. Qd3 Nc8 26. Rda1 Bh6 27. R1a6 fxe4 28. fxe4 Ng4 29.
Bxg4 Qxg4 30. Rc6 Rf7 31. Rcxc8 Be3+ 32. Kh1 Rf2 33. Rc7+  1-0

[Event "28. Offene Internationale Bayerische Schachmeisterschaft"]
[Site "Gmund am Tegernsee"]
[Date "2025.11.01"]
[Round "1"]
[Board "30"]
[White "Ciak, Rene"]
[Black "Heinz, Axel"]
[Result "1/2-1/2"]
[WhiteElo "2082"]
[BlackElo "2395"]
[PlyCount "0"]
[EventDate "2025.11.01"]
[EventRounds "9"]
[EventCountry "GER"]

1. d4 Nf6 2. c4 e6 3. Nc3 Bb4 4. Qc2 d5 5. a3 Bxc3+ 6. Qxc3 O-O 7. e3 b6 8. cxd5
exd5 9. Nf3 Nbd7 10. Bb5 Bb7 11. O-O c6 12. Bd3 Ne4 13. Qc2 Re8 14. Nd2 Ndf6 15.
Nb1 c5 16. dxc5 Nxc5 17. Bb5 Re6 18. b4 Nce4 19. Bb2 Rc8 20. Qd3 Nd6 21. Ba4 Nfe4
22. Bd4 Nc4 23. f3 Ned6 24. Nd2 Qe7  1/2-1/2

[Event "28. Offene Internationale Bayerische Schachmeisterschaft"]
[Site "Gmund am Tegernsee"]
[Date "2025.11.01"]
[Round "1"]
[Board "31"]
[White "Kuegel, Tobias"]
[Black "Inhoven, Stefan"]
[Result "1-0"]
[WhiteElo "2391"]
[BlackElo "2082"]
[PlyCount "0"]
[EventDate "2025.11.01"]
[EventRounds "9"]
[EventCountry "GER"]

1. e4 c6 2. Nf3 d5 3. Nc3 dxe4 4. Nxe4 Nf6 5. Qe2 Nxe4 6. Qxe4 Nd7 7. Bc4 Nf6 8.
Ne5 e6 9. Qe2 b5 10. Bd3 Qc7 11. a4 b4 12. b3 Bb7 13. Bb2 Bd6 14. O-O-O O-O-O 15.
f4 Rhe8 16. Rhf1 Bc5 17. g3 Re7 18. Nf3 h6 19. Bc4 Bd6 20. Rfe1 Kb8 21. Ne5 Qb6 22.
Bd3 Bc5 23. Nc4  1-0

[Event "28. Offene Internationale Bayerische Schachmeisterschaft"]
[Site "Gmund am Tegernsee"]
[Date "2025.11.01"]
[Round "1"]
[Board "32"]
[White "Ehrke, Michael"]
[Black "Yelisieiev, Yevhenii"]
[Result "0-1"]
[WhiteElo "2081"]
[BlackElo "2388"]
[PlyCount "0"]
[EventDate "2025.11.01"]
[EventRounds "9"]
[EventCountry "GER"]

1. d4 d6 2. Nf3 Nf6 3. Bf4 g6 4. e3 Bg7 5. h3 O-O 6. Be2 Nbd7 7. O-O b6 8. a4 a5
9. Nbd2 Bb7 10. c3 e6 11. Bh2 Qe7 12. Nc4 Ne4 13. Nfd2 Nxd2 14. Nxd2 e5 15. Bf3 e4
16. Be2 f5 17. Re1 Kh8 18. b4 g5 19. bxa5 Rxa5 20. Nb3 Ra7 21. a5 Bd5 22. c4 Be6
23. d5 Bg8 24. Nd4 Rxa5 25. Rxa5 bxa5 26. Qa1 Ra8 27. Nxf5 Bxa1 28. Nxe7 Bf6 29.
Nc6 a4 30. Nd4 Nc5 31. Ra1 Nb3 32. Nxb3 Bxa1 33. Nxa1 Rb8 34. c5 Rb1+ 35. Bf1 Bxd5
36. cxd6 cxd6  0-1

[Event "28. Offene Internationale Bayerische Schachmeisterschaft"]
[Site "Gmund am Tegernsee"]
[Date "2025.11.01"]
[Round "1"]
[Board "33"]
[White "Dahl, Christoph"]
[Black "Stichter, Constantin Paul"]
[Result "1-0"]
[WhiteElo "2387"]
[BlackElo "2079"]
[PlyCount "0"]
[EventDate "2025.11.01"]
[EventRounds "9"]
[EventCountry "GER"]

1. d4 Nf6 2. c4 e6 3. Nc3 d5 4. cxd5 exd5 5. Bg5 c6 6. e3 Be7 7. Bd3 O-O 8. Nf3 Re8
9. h3 Nbd7 10. O-O Nf8 11. Qc2 h6 12. Bf4 Ne6 13. Bh2 Bd6 14. Ne5 Ng5 15. f4 Nge4
16. g4 Nxc3 17. bxc3 Nxg4 18. hxg4 b6 19. Be4 dxe4 20. f5 Bxe5 21. f6 g6 22. Bxe5
Qd5 23. Qxe4 g5 24. Qf4 Qc4 25. e4 Kh7 26. Qe3  1-0

[Event "28. Offene Internationale Bayerische Schachmeisterschaft"]
[Site "Gmund am Tegernsee"]
[Date "2025.11.01"]
[Round "1"]
[Board "34"]
[White "Arnhold, Steffi"]
[Black "Gaal, Zsoka"]
[Result "0-1"]
[WhiteElo "2078"]
[BlackElo "2383"]
[PlyCount "0"]
[EventDate "2025.11.01"]
[EventRounds "9"]
[EventCountry "GER"]

1. e4 e6 2. d4 d5 3. Nc3 Bb4 4. e5 c5 5. a3 Bxc3+ 6. bxc3 Ne7 7. Bd3 Qa5 8. Bd2 c4
9. Bf1 Bd7 10. g3 Ba4 11. Bg2 Nbc6 12. f4 O-O-O 13. Nf3 Rdf8 14. O-O h5 15. Bh3 Nd8
16. Nh4 g6 17. Nf3 Nf5 18. Ng5 Nc6 19. Re1 a6 20. Re2 Qc7 21. Be1 Na7 22. Qb1 a5
23. Qb2 Nb5 24. Bf2 Qe7 25. Bg2 Kb8 26. Ree1 Rc8 27. Bh3 Rc6 28. Reb1 Rhc8 29. Bxf5
gxf5 30. Be1 Rb6 31. Qc1 Ka7 32. Qd1 Rh8 33. h4 Kb8 34. Kg2 Kc7 35. Ra2 Kd7 36. Raa1
Ke8 37. Qe2 Kf8 38. Rb2 Nxd4 39. cxd4 Rxb2 40. Bxa5 Rxc2 41. Qxc2 Bxc2 42. Bb4 Ke8
43. Bxe7 Kxe7 44. Kf2 Ra8 45. Ke2 b5 46. Kd2 Be4 47. Kc3 Ra4 48. Kb2 b4  0-1

[Event "28. Offene Internationale Bayerische Schachmeisterschaft"]
[Site "Gmund am Tegernsee"]
[Date "2025.11.01"]
[Round "1"]
[Board "35"]
[White "Falkevall, Axel"]
[Black "Pfaar, Zeno"]
[Result "1-0"]
[WhiteElo "2380"]
[BlackElo "2078"]
[PlyCount "0"]
[EventDate "2025.11.01"]
[EventRounds "9"]
[EventCountry "GER"]

1. e4 c5 2. Nf3 Nc6 3. Bb5 g6 4. O-O Bg7 5. c3 e5 6. d4 cxd4 7. cxd4 exd4 8. Bf4
a6 9. Ba4 Nge7 10. Bd6 b5 11. Bb3 Bb7 12. Ng5 O-O 13. Nd2 h6 14. Nxf7 Rxf7 15. Bxf7+
Kxf7 16. Qb3+ Ke8 17. Qg3 Qb6 18. e5 Nd8 19. f4 Ne6 20. Bxe7 Kxe7 21. Qxg6 d3+ 22.
Kh1 Qe3 23. f5 Qxd2 24. fxe6 Qxg2+ 25. Qxg2 Bxg2+ 26. Kxg2 Kxe6 27. Rad1 Bxe5 28.
Rf2 Rg8+ 29. Kh3 d6 30. Rxd3 a5 31. Rg2 Rxg2 32. Kxg2 Bxb2 33. Rb3 Bc1 34. Rxb5 a4
35. Rb1 Ba3 36. Kf3 Kd5 37. Rb8 Bc1 38. Ke2 a3 39. Kd3 Ke5 40. Rc8 Bf4 41. h3  1-0

[Event "28. Offene Internationale Bayerische Schachmeisterschaft"]
[Site "Gmund am Tegernsee"]
[Date "2025.11.01"]
[Round "1"]
[Board "36"]
[White "Gebbert, Andreas"]
[Black "Jin, Yueheng"]
[Result "0-1"]
[WhiteElo "2076"]
[BlackElo "2376"]
[PlyCount "0"]
[EventDate "2025.11.01"]
[EventRounds "9"]
[EventCountry "GER"]

1. d4 Nf6 2. Nf3 d5 3. c4 e6 4. g3 dxc4 5. Bg2 Nbd7 6. Qa4 a6 7. Qxc4 b5 8. Qc2 Bb7
9. O-O c5 10. dxc5 Bxc5 11. e3 O-O 12. Rd1 Qe7 13. Qe2 e5 14. Nc3 b4 15. Na4 Ba7
16. Nh4 Bxg2 17. Kxg2 Qe6 18. b3 e4 19. Kg1 g5 20. Ng2 Qh3 21. Ne1 Ng4 22. f3 exf3
23. Nxf3 Nde5 24. Nxe5 Nxe5 25. Bb2 Ng4 26. Bd4 Rfe8 27. Bxa7 Rxa7 28. Rd4 Nxe3 29.
Qd2 Rae7 30. Rd8 f5 31. Rxe8+ Rxe8 32. Re1 f4 33. Nb6 fxg3 34. Re2 Qf1#  0-1

[Event "28. Offene Internationale Bayerische Schachmeisterschaft"]
[Site "Gmund am Tegernsee"]
[Date "2025.11.01"]
[Round "1"]
[Board "37"]
[White "Colpe, Malte"]
[Black "Krueger, Rainer"]
[Result "1-0"]
[WhiteElo "2375"]
[BlackElo "2076"]
[PlyCount "0"]
[EventDate "2025.11.01"]
[EventRounds "9"]
[EventCountry "GER"]

1. d4 Nf6 2. c4 g6 3. Nc3 d5 4. cxd5 Nxd5 5. e3 Bg7 6. Nxd5 Qxd5 7. Ne2 e5 8. Nc3
Qd8 9. d5 c6 10. e4 O-O 11. Be2 cxd5 12. exd5 Nd7 13. O-O f5 14. d6 Nb6 15. Nb5 Bd7
16. Qb3+ Kh8 17. Rd1 Bc6 18. a4 Qh4 19. a5 Nd7 20. Nc7 Rac8 21. Ne6 f4 22. Nxf8 Rxf8
23. Qh3 Qxh3 24. gxh3 e4 25. a6 b6 26. Ra3 h5 27. b4 Be5 28. Ra2 f3 29. Bf1 Rf5 30.
b5 Ba8 31. Rc2 e3 32. Bxe3 Be4 33. Rc4 Bd5 34. Rxd5 Bxh2+  1-0

[Event "28. Offene Internationale Bayerische Schachmeisterschaft"]
[Site "Gmund am Tegernsee"]
[Date "2025.11.01"]
[Round "1"]
[Board "38"]
[White "Bohnhoff, Peter"]
[Black "Zysk, Robert"]
[Result "0-1"]
[WhiteElo "2075"]
[BlackElo "2373"]
[PlyCount "0"]
[EventDate "2025.11.01"]
[EventRounds "9"]
[EventCountry "GER"]

1. Nf3 c5 2. c4 Nc6 3. Nc3 g6 4. e3 Bg7 5. d4 d6 6. d5 Ne5 7. Nxe5 Bxe5 8. Bd3 f5
9. Qc2 Nh6 10. Bd2 O-O 11. h3 e6 12. O-O-O a6 13. f4 Bg7 14. dxe6 Bxe6 15. Nd5 Bxd5
16. cxd5 c4 17. Be2 Rc8 18. Bc3 Qe7 19. Bd4 Bxd4 20. Rxd4 Qxe3+ 21. Qd2 Qe7 22. g4
Rfe8 23. Bd1 Qe3 24. g5 Nf7 25. h4 b5 26. Qxe3 Rxe3 27. Kd2 Rce8 28. b3 R3e4 29.
Rxe4 Rxe4 30. bxc4 Rxf4 31. cxb5 axb5 32. Be2 b4 33. Ke3 Re4+ 34. Kf2 Rd4 35. Kg3
Ne5 36. Rc1 f4+ 37. Kf2 f3 38. Bf1 Rxh4 39. Rc6 Nxc6 40. dxc6 Rh2+ 41. Ke3 Rc2 42.
Kd4  0-1

[Event "28. Offene Internationale Bayerische Schachmeisterschaft"]
[Site "Gmund am Tegernsee"]
[Date "2025.11.01"]
[Round "1"]
[Board "39"]
[White "Mkrtchian, Lilit"]
[Black "Renner, Kai"]
[Result "1-0"]
[WhiteElo "2372"]
[BlackElo "2075"]
[PlyCount "0"]
[EventDate "2025.11.01"]
[EventRounds "9"]
[EventCountry "GER"]

1. c4 f5 2. g3 Nf6 3. Bg2 g6 4. Nc3 Bg7 5. d3 O-O 6. e4 fxe4 7. dxe4 d6 8. Nge2 c5
9. O-O Nc6 10. h3 Be6 11. b3 Qd7 12. Kh2 Rab8 13. Rb1 a6 14. a4 Bf7 15. f4 Rfd8 16.
Be3 e6 17. Qc1 Ne8 18. e5 dxe5 19. Bxc5 exf4 20. Qxf4 e5 21. Qf2 Nf6 22. Bb6 Rdc8
23. Rbd1 Qe8 24. Rd6 Nd7 25. Be3 Nd8 26. Ne4 Be6 27. Ng5 Nf8 28. Nxe6 Ndxe6 29. Ba7
Rd8 30. Bxb8 Rxb8 31. Bd5 Kh8 32. Qf7 Nd4 33. Qg8#  1-0

[Event "28. Offene Internationale Bayerische Schachmeisterschaft"]
[Site "Gmund am Tegernsee"]
[Date "2025.11.01"]
[Round "1"]
[Board "40"]
[White "Adelhuette, Dennis"]
[Black "Jacobson, Aaron"]
[Result "0-1"]
[WhiteElo "2073"]
[BlackElo "2370"]
[PlyCount "0"]
[EventDate "2025.11.01"]
[EventRounds "9"]
[EventCountry "GER"]

1. d4 Nf6 2. Nf3 d5 3. c4 e6 4. Nc3 Ne4 5. a3 c5 6. cxd5 Nxc3 7. bxc3 exd5 8. g3
Nc6 9. Bg2 c4 10. O-O Be7 11. e4 dxe4 12. Nd2 Be6 13. Bxe4 O-O 14. Rb1 Na5 15. Rb5
a6 16. Rh5 g6 17. d5 Bd7 18. d6 Bf6 19. Nb1 Re8 20. Bc2 Bc6 21. Rh6 Re6 22. Bf4 Bg5
23. Bxg5 Qxg5 24. Rh4 Rd8 25. Rd4 Qc5 26. d7 Re7 27. Qg4 Rdxd7 28. Rfd1 Qe5 29. Be4
f5 30. Qh3 Rxd4 31. Rxd4 Bxe4 32. Nd2 Bd3 33. Nf3 Qe1+  0-1

[Event "28. Offene Internationale Bayerische Schachmeisterschaft"]
[Site "Gmund am Tegernsee"]
[Date "2025.11.01"]
[Round "1"]
[Board "41"]
[White "Meins, Gerlef"]
[Black "Beisteiner, Joachim"]
[Result "1-0"]
[WhiteElo "2370"]
[BlackElo "2073"]
[PlyCount "0"]
[EventDate "2025.11.01"]
[EventRounds "9"]
[EventCountry "GER"]

1. d4 d5 2. c4 c6 3. Nf3 Nf6 4. Qc2 dxc4 5. Qxc4 Bf5 6. g3 e6 7. Bg2 Be7 8. O-O O-O
9. Nc3 Ne4 10. Qb3 Qb6 11. Qxb6 axb6 12. Ne5 Nxc3 13. bxc3 f6 14. Nd3 Nd7 15. e4
Bg6 16. Nf4 Bf7 17. Bh3 e5 18. Bxd7 exf4 19. Bxf4 Ra3 20. Rfc1 b5 21. e5 Bd5 22.
exf6 gxf6 23. Re1 Rf7 24. Be8 Rf8  1-0

[Event "28. Offene Internationale Bayerische Schachmeisterschaft"]
[Site "Gmund am Tegernsee"]
[Date "2025.11.01"]
[Round "1"]
[Board "42"]
[White "Strahl, Christian"]
[Black "Martin, Julian"]
[Result "0-1"]
[WhiteElo "2071"]
[BlackElo "2360"]
[PlyCount "0"]
[EventDate "2025.11.01"]
[EventRounds "9"]
[EventCountry "GER"]

1. e4 c5 2. Nf3 Nc6 3. b4 Nxb4 4. c3 Nc6 5. d4 cxd4 6. cxd4 e6 7. Nc3 Bb4 8. Bd2
Nf6 9. Bd3 d5 10. e5 Bxc3 11. Bxc3 Ne4 12. Rc1 O-O 13. O-O Bd7 14. Bxe4 dxe4 15.
Nd2 Ne7 16. Nxe4 Bc6 17. Nd6 Nd5 18. Bd2 f6 19. Qg4 f5 20. Qg3 f4 21. Qg4 Qd7 22.
Rb1 Rab8 23. Rfd1 Kh8 24. Rdc1 g5 25. Rb3 Rg8 26. Rh3 Rg6 27. Rh5 Rbg8 28. Rb1 R8g7
29. Kf1 Ne7 30. Bc3 Bd5 31. Qe2 Qc6 32. Rc1 Bxg2+  0-1

[Event "28. Offene Internationale Bayerische Schachmeisterschaft"]
[Site "Gmund am Tegernsee"]
[Date "2025.11.01"]
[Round "1"]
[Board "43"]
[White "Morawietz, Dieter"]
[Black "Freundorfer, Josef"]
[Result "1-0"]
[WhiteElo "2346"]
[BlackElo "2069"]
[PlyCount "0"]
[EventDate "2025.11.01"]
[EventRounds "9"]
[EventCountry "GER"]

1. d4 Nf6 2. c4 g6 3. Nc3 Bg7 4. e4 d6 5. Nf3 O-O 6. Be2 Nbd7 7. O-O e5 8. Be3 Re8
9. d5 Ng4 10. Bg5 Ngf6 11. Nd2 a5 12. a3 b6 13. Qc2 Nf8 14. b4 h6 15. Be3 Ng4 16.
Bxg4 Bxg4 17. c5 bxc5 18. bxc5 Bc8 19. Rab1 Ba6 20. Rfc1 dxc5 21. Na4 Nd7 22. Nxc5
Nb8 23. Qa4 Bf8 24. h3 Bc8 25. Rc3 h5 26. Nb7 Bxb7 27. Rxb7 Na6 28. Rb5 Qd7 29. Rxa5
Nc5 30. Qxd7 Nxd7 31. Rxa8 Rxa8 32. Rxc7 Nf6 33. Rc6 Kg7 34. f4 Rxa3 35. fxe5 Nxe4
36. Nxe4 Rxe3 37. Rc4 Be7 38. Kf2 Ra3 39. Rc8 Ra5 40. d6 Rxe5 41. dxe7 Rxe7 42. Kf3
Rd7 43. Rc6 Re7 44. Kf4 Ra7 45. Nc3 Rd7 46. Ke3 Re7+ 47. Kf3 Rd7 48. Ne4 Re7 49.
Rd6 Rc7 50. Nf2 Re7 51. Nd3 Ra7 52. Ne5 Ra3+ 53. Rd3 Ra5 54. Ke4 Ra4+ 55. Kd5 Ra5+
56. Kd6 Ra6+ 57. Nc6 Ra2 58. g3 Rf2 59. Ne5 Rf6+ 60. Kd5 Re6 61. Rf3 Re7 62. Ra3
Rb7 63. Nc4 Rb1 64. Nd6 Rd1+ 65. Kc6 Rf1 66. Kd7 Rf2 67. Nc4 Rf1 68. Ke7 Rc1 69.
Ne5 Re1 70. Kd6 Rd1+ 71. Rd3 Ra1 72. Kc5 Ra5+ 73. Kd4 Ra4+ 74. Ke3 Ra5 75. Ke4 Ra4+
76. Rd4 Ra1 77. Rd7 Re1+ 78. Kd4 Rf1 79. Ra7 Rf2 80. Ke3 Rf6 81. g4 hxg4 82. hxg4
Rf1 83. Nf3 Rb1 84. Ng5 Rf1 85. Ne6+ Kf6 86. Nd8 Kg7 87. g5 Rf5 88. Ke4 Kf8 89. Rxf7+
Rxf7 90. Nxf7 Kxf7 91. Kd5 Ke7 92. Ke5 Kf7 93. Kd6 Kf8 94. Ke6 Kg7 95. Ke7 Kg8 96.
Kf6 Kf8 97. Kxg6 Ke8  1-0

[Event "28. Offene Internationale Bayerische Schachmeisterschaft"]
[Site "Gmund am Tegernsee"]
[Date "2025.11.01"]
[Round "1"]
[Board "44"]
[White "Schrems, Hermann"]
[Black "Nurman, Alua"]
[Result "0-1"]
[WhiteElo "2068"]
[BlackElo "2344"]
[PlyCount "0"]
[EventDate "2025.11.01"]
[EventRounds "9"]
[EventCountry "GER"]

1. d4 Nf6 2. Nf3 g6 3. g3 Bg7 4. Bg2 O-O 5. O-O d6 6. b3 b5 7. Nbd2 Bb7 8. Bb2 Nbd7
9. c4 b4 10. Qc2 c5 11. Rad1 cxd4 12. Nxd4 Bxg2 13. Kxg2 Qc7 14. Kg1 Rfc8 15. Qb1
Nc5 16. Nc2 Qb7 17. Ne3 a5 18. Nf3 a4 19. Nd4 axb3 20. axb3 Qe4 21. Nb5 Qxb1 22.
Rxb1 Ra2 23. Bxf6 Bxf6 24. Nd5 Rxe2 25. Nxd6 exd6 26. Nxf6+ Kg7 27. Nd5 Rb8 28. Rfd1
Rc2 29. Re1 Nd3 30. Rf1 Ra2 31. Ra1 Ra3 32. Rab1 Nc5 33. Nc7 Rxb3 34. Rbd1 Rd3 35.
Nb5 d5 36. Rb1 b3  0-1

[Event "28. Offene Internationale Bayerische Schachmeisterschaft"]
[Site "Gmund am Tegernsee"]
[Date "2025.11.02"]
[Round "2"]
[Board "1"]
[White "Kurmangaliyeva, Liya"]
[Black "Jacobson, Brandon"]
[Result "1-0"]
[WhiteElo "2287"]
[BlackElo "2599"]
[PlyCount "0"]
[EventDate "2025.11.01"]
[EventRounds "9"]
[EventCountry "GER"]

1. Nf3 Nf6 2. g3 b6 3. Bg2 Bb7 4. c4 g6 5. d4 Bg7 6. O-O O-O 7. d5 Na6 8. Nc3 Nc5
9. Re1 e6 10. e4 d6 11. Qc2 a5 12. a3 exd5 13. exd5 a4 14. Nd4 Re8 15. Bg5 Qd7 16.
Ncb5 Ba6 17. h3 h6 18. Be3 Nfe4 19. Rad1 f5 20. h4 h5 21. Bf4 Be5 22. Bc1 Bxb5 23.
Nxb5 Qg7 24. Be3 Bf6 25. Re2 Re7 26. Rde1 Rae8 27. Kh2 Kh7 28. Na7 f4 29. gxf4 Bxh4
30. Nc6 Nf6 31. Nxe7 Ng4+ 32. Kg1 Rxe7 33. Bxc5 Rxe2 34. Rxe2 bxc5 35. Bf3 Nxf2 36.
Kg2 Qd4 37. Rxf2 Bxf2 38. Qxf2 Qxf4 39. Qe2 Kh6 40. Be4 Qg5+ 41. Kh3 Qc1 42. Qg2
g5 43. Qf2 Kg7 44. Qe2 g4+ 45. Kg2 Qg5 46. Bc2 Qh4 47. Qd3 Qg5 48. Qc3+ Kg8 49. Qe1
h4 50. Qe8+ Kg7 51. Qd7+  1-0

[Event "28. Offene Internationale Bayerische Schachmeisterschaft"]
[Site "Gmund am Tegernsee"]
[Date "2025.11.02"]
[Round "2"]
[Board "2"]
[White "Gumularz, Szymon"]
[Black "Schneider, Jana"]
[Result "1-0"]
[WhiteElo "2584"]
[BlackElo "2274"]
[PlyCount "0"]
[EventDate "2025.11.01"]
[EventRounds "9"]
[EventCountry "GER"]

1. g3 d5 2. Nf3 Nf6 3. Bg2 e6 4. O-O c5 5. d3 Be7 6. a4 b6 7. e4 Bb7 8. e5 Nfd7 9.
h4 h6 10. h5 Nc6 11. Qe2 a6 12. Na3 Qc7 13. Bf4 g5 14. hxg6 fxg6 15. Bh3 Nf8 16.
c3 O-O-O 17. b4 cxb4 18. cxb4 Bxb4 19. Rfc1 Kb8 20. Nb5 Qe7 21. Nd6 g5 22. Be3 Bxd6
23. exd6 Rxd6 24. Qb2 Rg8 25. Bxb6 Nd7 26. Be3 Ka8 27. Nd4 Nce5 28. Rc7 Rb8 29. Rb1
Nxd3 30. Qc3 Qh7 31. Rb3 N3c5 32. Rxc5 Nxc5 33. Qxc5 Qd7 34. Bxe6 Rxe6 35. Nxe6 Bc6
36. Rxb8+ Kxb8 37. Qb6+  1-0

[Event "28. Offene Internationale Bayerische Schachmeisterschaft"]
[Site "Gmund am Tegernsee"]
[Date "2025.11.02"]
[Round "2"]
[Board "3"]
[White "Chassard, Cedric"]
[Black "Engel, Luis"]
[Result "0-1"]
[WhiteElo "2276"]
[BlackElo "2567"]
[PlyCount "0"]
[EventDate "2025.11.01"]
[EventRounds "9"]
[EventCountry "GER"]

1. e4 c5 2. Nf3 d6 3. d4 cxd4 4. Nxd4 Nf6 5. Nc3 a6 6. f4 e5 7. Nb3 Nc6 8. Bd3 Be7
9. O-O O-O 10. Nd5 Re8 11. f5 Nb4 12. Nxe7+ Qxe7 13. Bg5 b6 14. Be2 a5 15. Bb5 Rd8
16. c3 Na6 17. Bc6 Rb8 18. Qd3 h6 19. Bh4 Nc7 20. a4 Ba6 21. c4 Rbc8 22. Nd2 d5 23.
Bxd5 Ncxd5 24. exd5 Qc5+ 25. Bf2 Qb4 26. Qe3 Bxc4 27. Nxc4 Rxc4 28. Qxe5 Re8 29.
Qg3 Nxd5 30. Qf3 Rce4 31. Rad1 Nf6 32. Qc3 Rc4 33. Qxb4 Rxb4 34. Rd6 Re2 35. Bxb6
Rbxb2 36. Rd8+ Kh7 37. Bc7 Ng4 38. Kh1 Rxg2 39. h3 Nh2 40. Rb1 Nf3 41. Rxb2 Rg1#
 0-1

[Event "28. Offene Internationale Bayerische Schachmeisterschaft"]
[Site "Gmund am Tegernsee"]
[Date "2025.11.02"]
[Round "2"]
[Board "4"]
[White "Abdisalimov, Abdimalik"]
[Black "Oberhofer, Cedric"]
[Result "1-0"]
[WhiteElo "2553"]
[BlackElo "2272"]
[PlyCount "0"]
[EventDate "2025.11.01"]
[EventRounds "9"]
[EventCountry "GER"]

1. d4 Nf6 2. c4 g6 3. f3 c5 4. d5 d6 5. e4 Bg7 6. Nc3 e6 7. Nge2 exd5 8. cxd5 Nbd7
9. Bg5 O-O 10. Qd2 h6 11. Bf4 Qe7 12. Ng3 Kh7 13. Be2 Ne5 14. O-O a6 15. a4 Rb8 16.
Rab1 b5 17. axb5 axb5 18. b4 c4 19. h3 Nh5 20. Nxh5 gxh5 21. Be3 f5 22. f4 Nd3 23.
Bxd3 cxd3 24. e5 Qc7 25. Qxd3 dxe5 26. fxe5 Qxe5 27. Bc5 Re8 28. Rbc1 Bd7 29. d6
Ra8 30. Nd5 Ra2 31. Ne7 Rf8 32. Rce1 Qf6 33. Qd5 Qf7 34. Qb7 Be6 35. Qc6 Bc3 36.
d7 Bxe1 37. Rxe1 Bxd7 38. Qxd7 Rg8 39. Nxg8  1-0

[Event "28. Offene Internationale Bayerische Schachmeisterschaft"]
[Site "Gmund am Tegernsee"]
[Date "2025.11.02"]
[Round "2"]
[Board "5"]
[White "Pultinevicius, Paulius"]
[Black "Armas, Jules"]
[Result "1-0"]
[WhiteElo "2542"]
[BlackElo "2264"]
[PlyCount "0"]
[EventDate "2025.11.01"]
[EventRounds "9"]
[EventCountry "GER"]

1. c4 c5 2. g3 g6 3. Bg2 Bg7 4. Nc3 Nc6 5. a3 h5 6. Nf3 Nf6 7. d3 d6 8. Bg5 Be6 9.
b4 Nd7 10. Bd2 cxb4 11. axb4 Nxb4 12. Ng5 Nc6 13. Nxe6 fxe6 14. Rb1 Qc8 15. Ne4 Nde5
16. Ng5 Nf7 17. h4 Nxg5 18. hxg5 a5 19. Be4 a4 20. e3 a3 21. Bxg6+ Kd7 22. f4 a2
23. Ra1 Ra3 24. Kf2 Bxa1 25. Qxa1 Qa8 26. Bc3 e5 27. Qb2 h4 28. Ra1 hxg3+ 29. Kxg3
Qa7 30. c5 exf4+ 31. exf4 Rb8 32. Bf5+ e6 33. Bxe6+ Kxe6 34. Re1+ Kd7  1-0